000 00554nam a2200193Ia 4500
003 GCL
008 140319s9999 xx 000 0 ara d
040 _aGCL /
_cGCL
082 0 4 _a109
_bع م
100 1 _aعلى عبدالمعطى محمد
245 1 0 _aمقدمات فى الفلسفة /
_cعلى عبدالمعطى محمد
300 _a430 ص
490 _a
650 0 4 _aالفلسفة
650 0 4 _aالفلسفة العقلية
650 0 4 _aالقرن العشرين
650 0 4 _aفلسفة العصور الوسطى
942 _2ddc
_cBK
999 _c37679
_d37679